000 01158cam a22002894a 4500
999 _c129818
_d129818
001 16188675
003 ARRUPE
005 20190906092728.0
008 100415s2010 nyua b 001 0 eng
010 _a 2010014247
020 _a9781433108785 (alk. paper)
020 _a9781433108792 (alk. paper)
040 _aDLC
_cDLC
_dDLC
050 0 0 _aLB880.F732
_bK575 2011
082 0 0 _a370.92
_aB
_222
100 1 _aKirylo, James D.
_946505
245 1 0 _aPaulo Freire :
_bthe man from recife /
_cJames D. Kirylo.
260 _aNew York :
_bP. Lang,
_cc2011.
300 _axxxi, 359 p. :
_bill. ;
_c24 cm.
490 0 _aCounterpoints: studies in the postmodern theory of education ;
_vv. 385
504 _aIncludes bibliographical references (p. 337-354) and index.
600 1 0 _aFreire, Paulo,
_d1921-1997.
_926953
650 0 _aEducation
_xPhilosophy.
_948091
650 0 _aCritical pedagogy.
_945759
650 0 _aPostmodernism and education.
_945881
906 _a7
_bcbc
_corignew
_d1
_eecip
_f20
_gy-gencatlg
942 _2lcc
_cMONOGRAPH